000 01269nam0a22003251 4500
001 rc\2277772
005 20110829191358.8
035 _a(NLR Aleph) 006557574
090 _a6808433
_c6808433
100 _a20110829d1979 |||y0rusy50 ca
101 1 _arus
_cudm
102 _aRU
105 _aa z |||||
200 1 _aЭхо над рельсами
_eЗап. партизана - [командира партиз. отряда им. Чкалова]
_f[Пер. с удм. и лит. запись Н.И. Кондратьева]
210 _aИжевск
_cУдмуртия
_d1979
215 _a159 с.
_cил.
_d20
606 _aПартизанское движение в Великой Отечественной войне 1941-1945 гг.
_jВоспоминания и записки
_yБССР
_2psbo
686 _aТ3(2Б)722.5,013.Л
_2rubbk
686 _a63.3(2)722.5
_2rubbk
686 _aТ3(2)722.5(2Б),013.Л
_2rubbk
700 1 _aОчеев
_bИ. Ф.
_gИван Федорович
702 1 _aКондратьев
_bН. И.
_4730
801 0 _aRU
_bNLR
_gpsbo
801 1 _aRU
_bELAR
_2rusmarc
852 _aNLR
_j79-3/5135
899 _aRuMoRGB
_jB 79-16/200
899 _aRuMoRGB
_jB 79-16/201
899 _aRuMoRGB
_jВО 684/341
942 _cBOOK
980 _aNB